Normal view
MARC view
- Nunes, Lygia Bojunga,
Entry Nombre Personal
001 - NUMERO DE CONTROL
- campo de control: 29721
003 - IDENTIFICADOR DE NUMERO DE CONTROL
- campo de control: UPN
005 - FECHA Y HORA DE LA ÜLTIMA TRANSACCIÓN
- campo de control: 20210219194406.0
008 - DATOS DE LONGITUD FIJA
- campo de control de longitud fija: nabaccnnaabn|||||||||| b |nc|||||d
035 ## - NUMERO DE CONTROL
- Número de control: UPN11000001827
040 ## - FUENTE DE CATALOGACIÓN
- Lenguaje de catalogación: SPA
- Agencia de transcripción: UPN
053 #4 - NÚMERO DE CLASIFICACIÓN LC
- Número de clasificación elemento-número único o número inicial de tramo: PQ9698.24 N9.6
100 1# - ENCABEZAMIENTO - NOMBRE PERSONAL
- Nombre personal: Nunes, Lygia Bojunga,
- Fechas asociadas con el nombre: 1932-
400 1# - VEÁSE - NOMBRE DE PERSONA
- Personal name: Bojunga Nunes, Lygia,
- Dates associated with a name: 1932-
670 ## - FUENTE EN LA QUE SE LOCALIZARON DATOS
- Cita de la fuente: LC
680 ## - NOTA PUBLICA DE ACCESO PÚBLICO
- Frase explicativa de la referencia: Escritora brasileña
902 ## - CATALOGADOR
- Catalogador: DAA/230708
